000 02388nam0a2200385 4500
001 RU\NLR\bibl\578505
005 20250610135005.0
010 _a5-93206-056-5
_9180
021 _aRU
_b2004-30496
_91535
035 _aRSL-KNO-002437196
035 _a(NLR Aleph) 000570524
090 _a1589562
_c1589562
100 _a20040526d2003 |||y0rusy50 ca
101 0 _arus
102 _aRU
105 _ay |||||||||
106 _ar
200 1 _aЗаконотворческий процесс в Республике Коми
_eУчеб. пособие
_eДля студентов, обучающихся по специальности 021100 "Юриспруденция"
_fЛ. В. Четверикова
_gМ-во образования Рос. Федерации, Коми респ. акад. гос. службы и упр. при Главе Респ. Коми
210 _aСыктывкар
_cКРАГСиУ
_d2003
_eКРАГСиУ
215 _a110 с.
_cтабл.
_d21
225 1 _aУчебное пособие
320 _aБиблиогр.: с. 109-110 (32 назв.)
606 0 _aЗаконотворчество
_jРуководства, пособия и т.п.
_yКоми, Республика
_92356982
_3RU\NLR\auth\661407771
606 0 _aЗаконотворчество
_jУчебные издания для высших учебных заведений
_yКоми, Республика
_92356982
_3RU\NLR\auth\661407771
610 0 _aГосударство и право. Юридические науки -- Государственное (конституционное) право -- Российская Федерация -- Республика Коми -- Система органов государства -- Органы государственной власти -- Высшие органы государственной власти -- Законодательный процесс -- Учебник для высшей школы
686 _aХ620.611.23-9я73-1
_2rubbk
686 _aХ062.031.1я73
700 1 _4070
_aЧетверикова
_bЛ. В.
_cканд. юрид. наук
_gЛариса Владимировна
_9209518
_3RU\NLR\AUTH\770209572
801 0 _aRU
_bRuMoRKP
_c20040526
_gPSBO
801 1 _aRU
_bRuMoRGB
_c20040526
801 2 _aRU
_bNLR
_c20041129
_gPSBO
942 _cBOOK
980 _aNB